000 00687nam a2200277Ia 4500
005 20260324145528.0
008 008 260324s9999 xx 000 0 eng d
020 _a9780203077818
037 _aEBOOK
040 _aCRL
040 _beng
040 _cCRL
041 _2eng
041 _aeng
084 _qCRL
100 _aJohn Dunning
_91205051
245 0 _aInternational Production and the Multinational Enterprise (RLE International Business)
260 _bTaylor and Francis
260 _c1981
365 _a
365 _b290
856 _uhttp://www.taylorfrancis.com/books/9780203077818
942 _cEBOOK
999 _c1831320
_d1831320